Manual práctico para el cobro de prestaciones sociales oficiales : (Registro nro. 25637)

Detalles MARC
000 -CABECERA
Longitud fija campo de control 01076nam a2200241 a 4500
003 - • IDENTIFICADOR DELl NÚMERO DE CONTROL
Identificador del número de control CO-ViMGA
008 - • CÓDIGOS DE INFORMACIÓN DE LONGITUD FIJA
Códigos de información de longitud fija 141112s2004 ck r 000 u spa d
020 ## - • NÚMERO INTERNACIONAL NORMALIZADO PARA LIBROS
Número Internacional Normalizado para Libros (ISBN) 9586760537
040 ## - FUENTE DE LA CATALOGACIÓN
Centro catalogador de origen CO-ViMGA
Lengua de catalogación spa
Centro transcriptor CO-ViMGA
082 04 - • NÚMERO DE LA CLASIFICACIÓN DECIMAL DEWEY
Número de clasificación (R) 344.02 S174
100 1# - • PUNTO DE ACCESO PRINCIPAL-NOMBRE DE PERSONA
Nombre de persona Satizabal Parra, Camilo
245 10 - • TITULO PROPIAMENTE DICHO
Título Manual práctico para el cobro de prestaciones sociales oficiales :
Resto del título constitución de 1991 y ley de 1990, procedimiento, jurisprudencia del consejo de estado y corte constitucional servicios medico asistenciales, disposiciones legales
250 ## - • MENCIÓN DE EDICIÓN
Mención de edición 5
300 ## - • DESCRIPCIÓN FÍSICA
Extensión 685.p.
490 ## - • MENCIÓN DE SERIE
Mención de serie Actualizada y corregida
505 ## - • NOTA DE CONTENIDO CON FORMATO
Nota de contenido con formato Procedimiento por materias : Empleados públicos y trabajadores oficiales Fallos del consejo de Estado, corte suprema de Justicia y de la corte Constitucional Caja Nacional de previsión social Disposiciones legales
650 14 - • PUNTO DE ACCESO ADICIONAL DE MATERIA - TÉRMINO DE MATERIA
Término de materia o nombre geográfico como elemento inicial FUNCIONARIOS PUBLICOS - SALUD
650 14 - • PUNTO DE ACCESO ADICIONAL DE MATERIA - TÉRMINO DE MATERIA
Término de materia o nombre geográfico como elemento inicial PENSIONES - LEGISLACION - COLOMBIA
650 14 - • PUNTO DE ACCESO ADICIONAL DE MATERIA - TÉRMINO DE MATERIA
Término de materia o nombre geográfico como elemento inicial PRESTACIONES SOCIALES
942 ## - ENTRADA DE ELEMENTOS AGREGADOS (KOHA)
Fuente de clasificaión o esquema Dewey Decimal Classification
Koha [por defecto] tipo de item LIbro
Existencias
Perdido Fuente de clasificación o esquema Estado Físico No para préstamo Forma de adquisición Localización permanente Localización actual Fecha adquisición Serie de enumeración / cronolog&íacute;a Préstamos totales Signatura completa Código de barras Fecha última consulta Número de copia Fecha del precio de reemplazo Tipo de item de Koha
  Dewey Decimal Classification     Sala Especializada Tercer Piso Biblioteca Pública Germán Arciniegas - Villavicencio Biblioteca Pública Germán Arciniegas - Villavicencio 12/04/2015 11/jun/2009   344.02 S174 15274 12/04/2015 Ej. 1 12/04/2015 LIbro









Instituto Departamental de Cultura del Meta - Red Departamental de Bibliotecas Públicas del Meta.